000 00299nam a22001337a 4500
008 180226b xxu||||| |||| 00| 0 eng d
020 _a9781884734304
041 _aeng
080 _a37
100 _a25
101 _aEDU
245 _aRedirecting children's behavior
_cKvols,K.J
942 _2udc
_cBK
999 _c43488
_d43488